| 000 | 00980cab a2200313 4500 | ||
|---|---|---|---|
| 001 | WB3242-46 | ||
| 008 | 090401t1996 xxu||||| |||| 00| 0 eng d | ||
| 035 | _a(Sirsi) u44808 | ||
| 041 | _aeng | ||
| 245 | _aCoalfield regeneration plans unveiled | ||
| 260 | _c1996 | ||
| 350 | _a0 | ||
| 490 |
_aFinancial Times _v7 November 1996, 14 |
||
| 490 |
_aTimes _v7 November 1996, 29 |
||
| 490 |
_aIndependent _v7 November 1996, 8 |
||
| 490 |
_aDoE News Release _v(467) 6 November 1996, (5) |
||
| 520 | _aEnglish Partnerships is to take over the ownership of derelict coalfield sites from British Coal, in a £1bn plus ten-year regeneration scheme. | ||
| 650 | _aBRITISH COAL | ||
| 650 | _aCOAL MINING AREAS | ||
| 650 | _aCOALFIELDS | ||
| 650 | _aDEVELOPMENT ZONES | ||
| 650 | _aECONOMIC DEVELOPMENT | ||
| 650 | _aENGLISH PARTNERSHIPS | ||
| 650 | _aREGENERATION | ||
| 650 | _aTRANSFER OF LAND | ||
| 690 | _aMINING AND MINERALS | ||
| 942 | _n0 | ||
| 948 | _c04/03/1997 | ||
| 999 |
_c28473 _d28473 |
||